| 000 | 00829nam a2200229 i 4500 | ||
|---|---|---|---|
| 001 | 37326 | ||
| 003 | ES-MaACL | ||
| 005 | 20250905140714.0 | ||
| 007 | t| | ||
| 008 | 030220s1914 xxk ||||1| eng d | ||
| 100 | 1 |
_aButler, Geoffrey G. _932943 |
|
| 245 | 1 | 4 |
_aThe tory tradition _b: Bolingbroke, Burke, Disraeli, Salisbury / _cby Geoffrey G. Butler. |
| 260 |
_aLondon : _bJohn Murray, _c1914. |
||
| 300 |
_aXI, 143 p. ; _c19 cm. |
||
| 600 | 1 | 4 |
_aBolingbroke, Henry St. John, _cViscount ( _d1678-1751) _9156795 |
| 600 | 0 | 4 |
_aBurke, Edmund, _d1729-1797 _932698 |
| 600 | 1 | 4 |
_aDisraeli, Benjamin, _d1804-1881 _944878 |
| 600 | 1 | 7 |
_aSalisbury, Robert Cecil, _cMarquess of, _d1830-1903 _2 _9156796 |
| 610 | 2 | 4 |
_aConservative Party (Gran BretaƱa)- _vHistoria. _9156794 |
| 852 |
_aES-MaACL _jD-1738 |
||
| 999 |
_c37326 _d37326 |
||